<?xml version="1.0" encoding="UTF-8"?><?xml-stylesheet type="text/xsl" href="static/style.xsl"?><OAI-PMH xmlns="http://www.openarchives.org/OAI/2.0/" xmlns:xsi="http://www.w3.org/2001/XMLSchema-instance" xsi:schemaLocation="http://www.openarchives.org/OAI/2.0/ http://www.openarchives.org/OAI/2.0/OAI-PMH.xsd"><responseDate>2026-04-17T12:21:58Z</responseDate><request verb="GetRecord" identifier="oai:riubu.ubu.es:10259/7058" metadataPrefix="marc">https://riubu.ubu.es/oai/request</request><GetRecord><record><header><identifier>oai:riubu.ubu.es:10259/7058</identifier><datestamp>2024-05-20T09:46:48Z</datestamp><setSpec>com_10259.4_104</setSpec><setSpec>com_10259_2604</setSpec><setSpec>col_10259_6848</setSpec></header><metadata><record xmlns="http://www.loc.gov/MARC21/slim" xmlns:doc="http://www.lyncode.com/xoai" xmlns:xsi="http://www.w3.org/2001/XMLSchema-instance" xmlns:dcterms="http://purl.org/dc/terms/" xsi:schemaLocation="http://www.loc.gov/MARC21/slim http://www.loc.gov/standards/marcxml/schema/MARC21slim.xsd">
<leader>00925njm 22002777a 4500</leader>
<datafield tag="042" ind1=" " ind2=" ">
<subfield code="a">dc</subfield>
</datafield>
<datafield tag="720" ind1=" " ind2=" ">
<subfield code="a">Mirones Gómez, Bernardo José</subfield>
<subfield code="e">author</subfield>
</datafield>
<datafield tag="260" ind1=" " ind2=" ">
<subfield code="c">2021-07</subfield>
</datafield>
<datafield tag="520" ind1=" " ind2=" ">
<subfield code="a">Development and fine-tuning of a procedure for measuring the temperature in the car&#xd;
windshield area, with respect to the European demisting standard (CEE 78/317): by using a&#xd;
high-speed infrared thermography camera.&#xd;
Carry out a differential analysis of the experimentally obtained results both in terms of&#xd;
thermal comfort, between vehicles equipped with ICE technology (conventional) and&#xd;
vehicles equipped with EV technology.</subfield>
</datafield>
<datafield tag="024" ind2=" " ind1="8">
<subfield code="a">978-84-18465-12-3</subfield>
</datafield>
<datafield tag="024" ind2=" " ind1="8">
<subfield code="a">http://hdl.handle.net/10259/7058</subfield>
</datafield>
<datafield tag="024" ind2=" " ind1="8">
<subfield code="a">10.36443/10259/7058</subfield>
</datafield>
<datafield ind1=" " ind2=" " tag="653">
<subfield code="a">Vehículos</subfield>
</datafield>
<datafield ind1=" " ind2=" " tag="653">
<subfield code="a">Vehículos eléctricos</subfield>
</datafield>
<datafield ind1=" " ind2=" " tag="653">
<subfield code="a">Automoción</subfield>
</datafield>
<datafield ind1=" " ind2=" " tag="653">
<subfield code="a">Vehicles</subfield>
</datafield>
<datafield ind1=" " ind2=" " tag="653">
<subfield code="a">Electric vehicles</subfield>
</datafield>
<datafield ind1=" " ind2=" " tag="653">
<subfield code="a">Automotive</subfield>
</datafield>
<datafield tag="245" ind1="0" ind2="0">
<subfield code="a">Thermal comfort in conventional vehicles (ICE) and electric (EV) - Evaluation methods</subfield>
</datafield>
</record></metadata></record></GetRecord></OAI-PMH>